000 00807nas a2200277 4500
001 BR0704116
003 BR-BrBNA
005 20231205111102.0
007 ta
008 230509b bl.|||p| |||| 00| 00por d
040 _aBR-BrBNA
_bpor
_cBiblioteca Nacional de Agricultura
041 _a(Pt)
072 _aL40
100 1 _aCattelan, J.W.
100 1 _aPacheco, M.R.
100 1 _aVasques, L.H.
100 1 _aMateus, O.
245 1 _aCaracterísticas histológicas do nervo isquiático de cão (Canis familiaris, Linnaeus, 1758)
650 _aCÃO
650 _aHISTOLOGIA
650 _aNERVO
650 _aSISTEMA NERVOSO
773 0 _tARS Veterinária (Brazil)
_xISSN 0102-6380
_g(1997), v. 13(3) p. 184-191
_wBR0704116
909 _a202311
_bLúcia
_c55
_dLúcia Elande
942 _2AGRIS
_n0
_cANA
999 _c190564
_d190564